Coupe du Monde 1938 - Un Joueur par équipe - Statistiques

Statistiques générales
  • Ce quiz a été pris 36 fois
  • Le résultat moyen est 8 sur 15
Statistiques - réponses
Hint Réponse % Correct
Tan Hong Djien Indes Orientales Néerlandaises
88%
Frans van der Veen Pays-Bas
79%
Ernest Wilimowski Pologne
79%
Héctor Socorro Cuba
71%
Silvio Piola Italie
71%
Gyula Zsengellér Hongrie
67%
Antonín Puč Tchécoslovaquie
67%
Leônidas Brésil
63%
Emile Veinante France
54%
Gustav Wetterström Suède
54%
Silviu Bindea Roumanie
50%
Arne Brustad Norvège
42%
Josef Gauchel Allemagne
25%
Henri Isemborghs Belgique
17%
Eugène Walaschek Suisse
13%
Aucun quiz correspondant
Distribution des résultats
% des personnes avec chaque résultat
Percentile par nombre de réponses
Votre historique - résultats
Vous n’avez pas pris ce quiz